00463nam a22001457a 4500020000600000082001700006100002600023245004400049260003600093300001100129650002300140942000700163999001900170952012800189 a- a891.4391 TAH aTahir, Masood Qureshi aTum Mujhay Thaam Quen Nahi Letey (Urdu) aLahorebMawara Publishersc2013 a160 p. a1. Urdu Literature cBK c490879d490879 001040708FICaCLbCLcFICd2017-09-22eDonationl1m1o891.4391 TAHpSEECSD01360r2024-12-17s2024-11-20w2017-09-21yBK